| 000 | 00704nam a2200253Ia 4500 | ||
|---|---|---|---|
| 001 | Para_3012 | ||
| 003 | CHAP | ||
| 008 | 220125s1985 xx 000 0 und d | ||
| 010 | _a201521 | ||
| 040 | _cCHAP | ||
| 082 | _aPA 632.95 H37 | ||
| 100 |
_aHaskell, Peter Thomas _953030 |
||
| 245 |
_aPesticides application : _b principles and practice / _c by Peter Thomas Haskell |
||
| 260 |
_aOxford : _b Clarendon |
||
| 300 | _a494 p. | ||
| 650 |
_aPesticidas _x Aplicación Pesticidas _x Pruebas _9166444 |
||
| 901 | _aPA 632.95 H37 | ||
| 902 | _aA | ||
| 905 | _a0000001985 OXFai 0000000000 00 | ||
| 910 | _a1985 | ||
| 942 | _cPARA | ||
| 942 |
_cPARA _d1 |
||
| 999 |
_c201521 _d201521 |
||